[Event "19. Sahovski festival "]
[Site "Senta"]
[Date "2015.07.17"]
[Round "8.14"]
[White "Kecskemeti, Arpad"]
[Black "Dikic, Veljko"]
[Result "1-0"]
[WhiteElo "2152"]
[BlackElo "1947"]
[PlyCount "71"]
[EventDate "2015.07.11"]

1. e4 c5 2. Nf3 Nf6 3. e5 Nd5 4. c3 Nc6 5. d4 cxd4 6. cxd4 d6 7. Bc4 Nb6 8. Bb5
d5 9. O-O Bg4 10. h3 Bh5 11. g4 Bg6 12. e6 Qd6 13. exf7+ Bxf7 14. Ne5 a6 15.
Bxc6+ bxc6 16. Qb3 Nc4 17. Qb7 Rb8 18. Qxa6 Nxe5 19. dxe5 Qd7 20. Be3 h5 21.
Qe2 hxg4 22. hxg4 Rxb2 23. Nd2 d4 24. Rab1 Bd5 25. f3 Rxb1 26. Rxb1 dxe3 27.
Rb8+ Kf7 28. Qxe3 g6 29. Qd4 Bg7 30. Rxh8 Bxh8 31. Ne4 Bg7 32. a4 Qc7 33. e6+
Ke8 34. Qxg7 Bxe6 35. Nf6+ Kd8 36. Qf8# 1-0

[Event "19. Sahovski festival "]
[Site "Senta"]
[Date "2015.07.17"]
[Round "8.15"]
[White "Markovic, Aleksandar"]
[Black "Marjanovics, Gyorgy"]
[Result "1-0"]
[WhiteElo "2133"]
[BlackElo "1939"]
[PlyCount "69"]
[EventDate "2015.07.11"]

1. e4 d5 2. exd5 Qxd5 3. Nf3 Bg4 4. Be2 Nc6 5. d4 O-O-O 6. c4 Qa5+ 7. Bd2 Qa6
8. d5 Bxf3 9. Bxf3 Nd4 10. b3 e5 11. Bc3 Qb6 12. Bxd4 exd4 13. O-O f5 14. Qd3
g6 15. Re1 Nf6 16. a3 Bg7 17. b4 Rhe8 18. Nd2 Nd7 19. c5 Qf6 20. d6 Ne5 21.
Bxb7+ Kxb7 22. Qb5+ Kc8 23. Qa6+ Kd7 24. Qxa7 Rc8 25. b5 Bf8 26. c6+ Nxc6 27.
bxc6+ Kxd6 28. Nc4+ Kd5 29. Qa5+ Bc5 30. Qa4 Rb8 31. Na5 Re5 32. Qc4+ Kd6 33.
Nb7+ Kxc6 34. Nxc5 Rxc5 35. Re6+ 1-0

[Event "19. Sahovski festival "]
[Site "Senta"]
[Date "2015.07.17"]
[Round "8.17"]
[White "Kovacs, Arthur Dr"]
[Black "Elez, Sinisa"]
[Result "1-0"]
[WhiteElo "2006"]
[BlackElo "2075"]
[PlyCount "115"]
[EventDate "2015.07.11"]

1. d4 d5 2. c4 e6 3. Nc3 Nf6 4. cxd5 exd5 5. Bg5 Be7 6. Qc2 Nbd7 7. e3 O-O 8.
Nf3 Re8 9. Bd3 Nf8 10. O-O c6 11. Rab1 Be6 12. b4 Ng6 13. b5 Nd7 14. Bxe7 Qxe7
15. bxc6 bxc6 16. Na4 Rec8 17. Rb7 Qd6 18. Rc1 Ngf8 19. Rb3 Nf6 20. Rc3 Bd7 21.
Ne5 Ng4 22. Nxg4 Bxg4 23. Ba6 Rc7 24. Nc5 g6 25. Nb7 Qb4 26. Nc5 Qa5 27. Rb1
Bf5 28. Bd3 Bxd3 29. Nxd3 Ne6 30. Nc5 Nxc5 31. Rxc5 Qa6 32. h3 Rd8 33. Qd2 Rb7
34. Rxb7 Qxb7 35. Qc2 Rc8 36. g3 Kg7 37. h4 h5 38. Rc3 Rc7 39. Rb3 Qa6 40. Rc3
Qc8 41. Rc5 Qd7 42. Qc3 Qe6 43. Qc2 Kf6 44. Kg2 Ke7 45. Ra5 Qe4+ 46. Qxe4+ dxe4
47. Re5+ Kd6 48. Rxe4 Rb7 49. Re5 Rb5 50. Rxb5 cxb5 51. e4 a5 52. Kf1 f5 53. f3
Ke6 54. Ke2 Kd6 55. Kd3 Ke6 56. d5+ Ke5 57. Ke3 fxe4 58. fxe4 1-0

[Event "19. Sahovski festival "]
[Site "Senta"]
[Date "2015.07.17"]
[Round "8.18"]
[White "Bilic, Milanko"]
[Black "Stojkovska, Monika"]
[Result "0-1"]
[WhiteElo "1706"]
[BlackElo "2061"]
[PlyCount "68"]
[EventDate "2015.07.11"]

1. e4 c5 2. Nf3 d6 3. d4 cxd4 4. Nxd4 Nf6 5. Nc3 Nc6 6. Bc4 e6 7. Be3 a6 8. Qe2
Be7 9. O-O-O O-O 10. g4 Nxd4 11. Bxd4 Nd7 12. f4 b5 13. Bb3 Qe8 14. Rhg1 Nc5
15. g5 Bd7 16. Qh5 Nxb3+ 17. axb3 f5 18. g6 h6 19. e5 d5 20. Qe2 b4 21. Nb1 Bb5
22. Qf2 Qc6 23. Rd2 a5 24. Qe3 Rfc8 25. Rg3 a4 26. bxa4 Rxa4 27. b3 Ra2 28.
Rgg2 Qa6 29. Rg1 Ra8 30. Bc5 Bxc5 31. Qxc5 Ra1 32. Qd4 Rxb1+ 33. Kxb1 Qa2+ 34.
Kc1 Qa1+ 0-1

[Event "19. Sahovski festival "]
[Site "Senta"]
[Date "2015.07.17"]
[Round "8.19"]
[White "Puhalo, Zdravko"]
[Black "Slavic, Nikola"]
[Result "1-0"]
[WhiteElo "2033"]
[BlackElo "1948"]
[PlyCount "65"]
[EventDate "2015.07.11"]

1. d4 d5 2. f4 Bg4 3. c3 e6 4. Qb3 b6 5. e3 Bd6 6. Nd2 Qh4+ 7. g3 Qe7 8. Bg2
Nf6 9. Ngf3 Bxf3 10. Bxf3 O-O 11. O-O Nbd7 12. a3 c5 13. Kg2 cxd4 14. cxd4 Rac8
15. g4 h6 16. h4 Nxg4 17. Bxg4 Qxh4 18. Bf3 f5 19. Rh1 Qf6 20. Be2 g5 21. Nf3
Rf7 22. Bd2 gxf4 23. exf4 Rg7+ 24. Kf2 Nf8 25. Rag1 Rcc7 26. Rxg7+ Rxg7 27. Qa4
Rg4 28. Ne5 Bxe5 29. dxe5 Qg7 30. Bxg4 fxg4 31. Qc2 Ng6 32. Qc8+ Nf8 33. Bb4
1-0

[Event "19. Sahovski festival "]
[Site "Senta"]
[Date "2015.07.17"]
[Round "8.20"]
[White "Pajzer, Istvan"]
[Black "Toth, Kazmer"]
[Result "1-0"]
[WhiteElo "2026"]
[BlackElo "1946"]
[PlyCount "65"]
[EventDate "2015.07.11"]

1. d4 Nf6 2. c4 d6 3. Nc3 c6 4. Bg5 g6 5. e4 Bg7 6. f3 Nbd7 7. Qd2 Qa5 8. O-O-O
a6 9. Kb1 b5 10. g4 b4 11. Nce2 c5 12. h4 Bb7 13. Bg2 e5 14. dxe5 dxe5 15. Nh3
Rd8 16. h5 h6 17. Be3 Nf8 18. Qxd8+ Qxd8 19. Rxd8+ Kxd8 20. hxg6 fxg6 21. Bxc5
Ne6 22. Bxb4 Kc8 23. Bc3 Nd7 24. Rd1 Kc7 25. Nf2 Rf8 26. b4 Bc6 27. Kb2 Nb6 28.
c5 Nc4+ 29. Kb3 Ne3 30. Rd6 Nxc5+ 31. bxc5 Nxg2 32. Rxg6 Rf7 33. Rxg7 1-0

[Event "19. Sahovski festival "]
[Site "Senta"]
[Date "2015.07.17"]
[Round "8.21"]
[White "Grbin, Stefan"]
[Black "Matovic, Mihajlo Z"]
[Result "1-0"]
[WhiteElo "1779"]
[BlackElo "2100"]
[PlyCount "57"]
[EventDate "2015.07.11"]

1. d4 Nf6 2. c4 g6 3. Nc3 Bg7 4. e4 d6 5. Nf3 O-O 6. Be2 e5 7. d5 a5 8. Bg5 h6
9. Bd2 Na6 10. Qc1 Kh7 11. h4 Nc5 12. Qc2 c6 13. O-O-O cxd5 14. cxd5 Nfxe4 15.
Nxe4 Bf5 16. Bd3 Bxe4 17. Bxe4 f5 18. h5 Nxe4 19. hxg6+ Kg8 20. Kb1 Rc8 21. Qb3
Nxf2 22. Bxh6 Nxh1 23. Rxh1 Bxh6 24. Rxh6 Qc7 25. Qd1 Qc4 26. Ng5 Qc7 27. Ne6
Qe7 28. Qh5 Qf6 29. g7 1-0

[Event "19. Sahovski festival "]
[Site "Senta"]
[Date "2015.07.17"]
[Round "8.27"]
[White "Hereklioglu, Sude"]
[Black "Korponai, Akos"]
[Result "0-1"]
[WhiteElo "1704"]
[BlackElo "2002"]
[PlyCount "66"]
[EventDate "2015.07.11"]

1. e4 c5 2. Nf3 d6 3. d4 cxd4 4. Qxd4 Nc6 5. Bb5 Bd7 6. Bxc6 Bxc6 7. Nc3 Nf6 8.
Bg5 e6 9. O-O-O Be7 10. Qd3 O-O 11. Nd4 Qc7 12. Ndb5 Qa5 13. f4 Rfd8 14. Kb1 a6
15. Bxf6 Bxf6 16. Nxd6 e5 17. Qc4 Rd7 18. g3 exf4 19. Rhe1 Bxc3 20. bxc3 fxg3
21. Rf1 gxh2 22. Rxf7 Rxf7 23. Qxf7+ Kh8 24. Rf1 Qb6+ 25. Ka1 Qg1 26. Kb2 h6
27. Qf3 Bd7 28. Nf7+ Kg8 29. Ne5 Be6 30. Qh1 Qb6+ 31. Kc1 Qc5 32. Qxh2 Qxc3 33.
Nd3 Qa1+ 0-1

[Event "19. Sahovski festival "]
[Site "Senta"]
[Date "2015.07.17"]
[Round "8.28"]
[White "Lorincz, Laszlo V"]
[Black "Jovanovic, Aleksandar D"]
[Result "0-1"]
[WhiteElo "1832"]
[BlackElo "2240"]
[PlyCount "76"]
[EventDate "2015.07.11"]

1. d4 Nf6 2. Nf3 d6 3. Bf4 Bg4 4. e3 Nc6 5. Bb5 e6 6. h3 Bh5 7. Nbd2 Nd7 8. Be2
Bg6 9. a3 e5 10. Bg5 Qb8 11. dxe5 dxe5 12. Bc4 Nb6 13. Bb5 f6 14. Bh4 a6 15.
Be2 Qa7 16. O-O Rd8 17. Qc1 Nc8 18. b4 Nd6 19. c4 e4 20. Ne1 Nf5 21. Bxf6 gxf6
22. Nxe4 Be7 23. Nc3 Ne5 24. Nf3 c6 25. g4 Nxf3+ 26. Bxf3 Nh4 27. Bh1 Bd3 28.
Rd1 Bxc4 29. Rxd8+ Kxd8 30. Qc2 f5 31. Rd1+ Kc7 32. Nd5+ cxd5 33. Rxd5 b5 34.
Qc3 Rd8 35. Qe5+ Kc8 36. Qe6+ Kb8 37. Qe5+ Qc7 38. Rxd8+ Bxd8 0-1

[Event "19. Sahovski festival "]
[Site "Senta"]
[Date "2015.07.17"]
[Round "8.29"]
[White "Tomik, Lajos"]
[Black "Csomos, Janos"]
[Result "1/2-1/2"]
[WhiteElo "2021"]
[BlackElo "1753"]
[PlyCount "37"]
[EventDate "2015.07.11"]

1. c4 e5 2. Nc3 f5 3. g3 Nf6 4. Bg2 g6 5. d3 Bg7 6. Bg5 O-O 7. Qd2 Nc6 8. Nf3
d6 9. h4 h5 10. Nd5 Ne7 11. Nxf6+ Bxf6 12. Bxf6 Rxf6 13. Ng5 Rb8 14. Qc3 f4 15.
gxf4 Rxf4 16. e3 Rf8 17. e4 Nc6 18. Qd2 Qf6 19. Bh3 1/2-1/2

[Event "19. Sahovski festival "]
[Site "Senta"]
[Date "2015.07.17"]
[Round "8.30"]
[White "Hiebert, Kenji"]
[Black "Janjusevic, Branislav"]
[Result "1-0"]
[WhiteElo "1796"]
[BlackElo "1968"]
[PlyCount "60"]
[EventDate "2015.07.11"]

1. e4 d5 2. exd5 Nf6 3. d4 Nxd5 4. Nf3 e6 5. Bd3 Be7 6. O-O O-O 7. c4 Nf6 8.
Nc3 c6 9. Bg5 Nbd7 10. Re1 Re8 11. Ne5 Nf8 12. Qf3 Ng6 13. Rad1 Rf8 14. h4 Ne8
15. Ne4 Nxh4 16. Qh5 Ng6 17. Re3 Bxg5 18. Nxg5 Nf6 19. Qh2 Qxd4 20. Ngxf7 Ng4
21. Qxh7+ Kxh7 22. Bxg6+ Kg8 23. Rxd4 Nxe5 24. Nxe5 c5 25. Rh4 Rd8 26. Bf7+ Kf8
27. Rh8+ Ke7 28. Rxd8 Kxd8 29. Ng6 b6 30. Bxe6 Bb7 1-0

[Event "19. Sahovski festival "]
[Site "Senta"]
[Date "2015.07.17"]
[Round "8.32"]
[White "Miljkovic, Vukasin"]
[Black "Aleksic, Zvonimir"]
[Result "0-1"]
[WhiteElo "1744"]
[BlackElo "1916"]
[PlyCount "40"]
[EventDate "2015.07.11"]

1. e4 c6 2. Nf3 d6 3. Nc3 a6 4. d4 g6 5. Be3 Bg7 6. Bd3 Nf6 7. h3 b5 8. a3 Nbd7
9. Qd2 e5 10. b4 O-O 11. Ne2 Bb7 12. Ng3 Re8 13. c4 exd4 14. Bxd4 c5 15. Bxf6
Nxf6 16. Rd1 Nxe4 17. Bxe4 Bxe4 18. Ne2 Bxf3 19. gxf3 Qe7 20. cxb5 Bc3 0-1

[Event "19. Sahovski festival "]
[Site "Senta"]
[Date "2015.07.17"]
[Round "8.35"]
[White "Horvat, Nevena"]
[Black "Tomin, Kristifor"]
[Result "0-1"]
[WhiteElo "1727"]
[BlackElo "1890"]
[PlyCount "46"]
[EventDate "2015.07.11"]

1. c4 c5 2. Nf3 Nc6 3. Nc3 e6 4. d4 cxd4 5. Nxd4 a6 6. g3 Bb4 7. Nb3 Nf6 8. Qc2
d5 9. cxd5 exd5 10. Nd2 g6 11. e3 O-O 12. a3 d4 13. axb4 dxe3 14. Nde4 Nd4 15.
Qa4 exf2+ 16. Kxf2 Ng4+ 17. Kg2 b5 18. Bxb5 Bb7 19. Bc4 Kh8 20. Rd1 f5 21. Bg5
Qxg5 22. Rxd4 fxe4 23. Kg1 Qe3+ 0-1

[Event "19. Sahovski festival "]
[Site "Senta"]
[Date "2015.07.17"]
[Round "8.38"]
[White "Dinic, Nenad"]
[Black "Vilagos, Emil"]
[Result "1/2-1/2"]
[WhiteElo "1995"]
[BlackElo "1693"]
[PlyCount "52"]
[EventDate "2015.07.11"]

1. e4 c5 2. Nf3 e6 3. d4 cxd4 4. Nxd4 a6 5. c4 Nc6 6. Nc3 Nf6 7. Nxc6 bxc6 8.
e5 Ng8 9. Bd3 d5 10. exd6 Bxd6 11. Qf3 Qc7 12. h3 Ne7 13. O-O O-O 14. Re1 Bb7
15. c5 Bxc5 16. Bxh7+ Kxh7 17. Qh5+ Kg8 18. Qxc5 Rad8 19. Bg5 Rd7 20. Bxe7 Rxe7
21. Rad1 Rd8 22. Rxd8+ Qxd8 23. Rd1 Rd7 24. Rxd7 Qxd7 25. Qe3 Qc7 26. Qc5 Qd7
1/2-1/2

[Event "19. Sahovski festival "]
[Site "Senta"]
[Date "2015.07.17"]
[Round "8.41"]
[White "Farkas, Janos"]
[Black "Engi, Igor"]
[Result "1-0"]
[WhiteElo "1788"]
[BlackElo "1652"]
[PlyCount "47"]
[EventDate "2015.07.11"]

1. e4 d5 2. exd5 Qxd5 3. Nc3 Qa5 4. Bc4 Nf6 5. Nf3 Bg4 6. h3 Bxf3 7. Qxf3 c6 8.
g4 h6 9. d4 e6 10. Bd2 Qc7 11. O-O-O Nbd7 12. h4 Nb6 13. Bb3 O-O-O 14. g5 Nfd5
15. Ne4 Bd6 16. c4 Bb4 17. cxd5 cxd5+ 18. Nc3 h5 19. Kb1 g6 20. Rc1 Kb8 21. Nb5
Qe7 22. Bxb4 Qxb4 23. Qf4+ Ka8 24. Nc7+ 1-0

[Event "19. Sahovski festival "]
[Site "Senta"]
[Date "2015.07.17"]
[Round "8.43"]
[White "Abel, Istvan"]
[Black "Mravik, Katalin"]
[Result "1-0"]
[WhiteElo "1714"]
[BlackElo "1533"]
[PlyCount "39"]
[EventDate "2015.07.11"]

1. e4 d6 2. f4 Bd7 3. Nf3 e6 4. d4 g6 5. Bd3 Bg7 6. c3 a6 7. O-O b5 8. Nbd2 Nf6
9. h3 O-O 10. Nh4 Nh5 11. Qe1 Bc6 12. g4 Nf6 13. Ndf3 h6 14. g5 Nh7 15. Qg3 h5
16. f5 exf5 17. exf5 Bxf3 18. fxg6 fxg6 19. Nxg6 Qxg5 20. Bxg5 1-0

[Event "19. Sahovski festival "]
[Site "Senta"]
[Date "2015.07.18"]
[Round "9.1"]
[White "Atalik, Suat"]
[Black "Arsovic, Goran"]
[Result "1-0"]
[WhiteElo "2564"]
[BlackElo "2395"]
[PlyCount "63"]
[EventDate "2015.07.11"]

1. Nf3 Nf6 2. c4 g6 3. Nc3 Bg7 4. e4 d6 5. d4 O-O 6. h3 e5 7. d5 Nh5 8. g3 f5
9. exf5 gxf5 10. Nh4 Qe8 11. Be2 Nf6 12. Qc2 Na6 13. Bd2 Nc5 14. Be3 Qf7 15.
O-O-O Ne8 16. g4 e4 17. Nxf5 Bxf5 18. gxf5 Qxf5 19. Rhg1 Kh8 20. Rg5 Qxh3 21.
Nxe4 Nxe4 22. Qxe4 Nf6 23. Qe7 Bh6 24. Rg3 Bxe3+ 25. Qxe3 Qh4 26. Bd3 Rae8 27.
Qxa7 Nd7 28. Kb1 Nc5 29. Qa3 Rxf2 30. Qc3+ Qf6 31. Bxh7 Qxc3 32. bxc3 1-0

[Event "19. Sahovski festival "]
[Site "Senta"]
[Date "2015.07.18"]
[Round "9.2"]
[White "Baglan, Esat"]
[Black "Nestorovic, Dejan"]
[Result "1/2-1/2"]
[WhiteElo "2257"]
[BlackElo "2408"]
[PlyCount "55"]
[EventDate "2015.07.11"]

1. e4 c5 2. Nf3 e6 3. d4 cxd4 4. Nxd4 a6 5. c4 Qc7 6. Nc3 Nf6 7. a3 b6 8. Be2
Bb7 9. f3 Be7 10. Be3 O-O 11. O-O d6 12. Qd2 Nbd7 13. Rfd1 Rac8 14. Rac1 Qb8
15. b4 Bd8 16. Qe1 Bc7 17. g3 Rfe8 18. Qf2 Qa8 19. Nb3 Qb8 20. a4 Qa8 21. a5
bxa5 22. Nxa5 Bxa5 23. bxa5 Rc6 24. Na4 Qd8 25. Nb6 Qc7 26. Bf4 Nc5 27. Rc2
Nfd7 28. Nxd7 1/2-1/2

[Event "19. Sahovski festival "]
[Site "Senta"]
[Date "2015.07.18"]
[Round "9.3"]
[White "Lazov, Toni"]
[Black "Vucinic, Gojko"]
[Result "1/2-1/2"]
[WhiteElo "2141"]
[BlackElo "2328"]
[PlyCount "51"]
[EventDate "2015.07.11"]

1. e4 c5 2. Nf3 d6 3. d4 cxd4 4. Nxd4 Nf6 5. Nc3 g6 6. h3 Bg7 7. g4 Nc6 8. Nde2
O-O 9. Bg2 Rb8 10. Be3 b5 11. Nd4 Nxd4 12. Bxd4 b4 13. Nd5 Ba6 14. Nxf6+ exf6
15. Qd2 Qa5 16. a3 Rfc8 17. b3 Rc3 18. Bxc3 bxc3 19. Qxd6 Rd8 20. b4 Rxd6 21.
bxa5 Bh6 22. Bf1 Bd2+ 23. Kd1 Bf4+ 24. Ke1 Bd2+ 25. Kd1 Bf4+ 26. Ke1 1/2-1/2

[Event "19. Sahovski festival "]
[Site "Senta"]
[Date "2015.07.18"]
[Round "9.4"]
[White "Farkas, Tibor"]
[Black "Todorovic, Jovan"]
[Result "1/2-1/2"]
[WhiteElo "2251"]
[BlackElo "2402"]
[PlyCount "79"]
[EventDate "2015.07.11"]

1. e4 c5 2. Nf3 d6 3. d4 cxd4 4. Nxd4 Nf6 5. Nc3 Nc6 6. f3 e5 7. Nb3 Be7 8. Be3
O-O 9. Qd2 Be6 10. Nd5 Bxd5 11. exd5 Nb8 12. c4 a5 13. Bd3 Nfd7 14. O-O a4 15.
Nc1 Na6 16. Ne2 Nac5 17. Bc2 Qb8 18. Nc3 Bd8 19. Nb5 Ba5 20. Qe2 Bb4 21. Kh1
Rc8 22. Rad1 Nb6 23. f4 e4 24. a3 Ba5 25. Bxc5 Rxc5 26. Qxe4 g6 27. Bd3 Qf8 28.
f5 Nd7 29. fxg6 hxg6 30. Qe2 Ne5 31. Rf6 Bd8 32. Rxd6 Rxb5 33. Rxd8 Rxd8 34.
cxb5 Rxd5 35. Bc2 Qc5 36. Rxd5 Qxd5 37. Bxa4 Qd4 38. Bb3 Kg7 39. h3 b6 40. Ba2
1/2-1/2

[Event "19. Sahovski festival "]
[Site "Senta"]
[Date "2015.07.18"]
[Round "9.5"]
[White "Gabric, Goran"]
[Black "Arsovic, Zoran"]
[Result "0-1"]
[WhiteElo "2164"]
[BlackElo "2418"]
[PlyCount "88"]
[EventDate "2015.07.11"]

1. e4 c5 2. Nc3 Nc6 3. Nge2 d6 4. g3 g6 5. Bg2 Bg7 6. O-O e6 7. d3 Nge7 8. Be3
Nd4 9. Qd2 O-O 10. Nd1 Nxe2+ 11. Qxe2 b6 12. Qd2 d5 13. Bh6 dxe4 14. Bxg7 Kxg7
15. Nc3 Bb7 16. Rad1 e3 17. Qxe3 Bxg2 18. Kxg2 Nf5 19. Qe5+ Kg8 20. Rd2 Rc8 21.
h4 Qd4 22. Qe4 Rfd8 23. h5 Qxe4+ 24. Nxe4 Kg7 25. g4 Nd6 26. Ng3 Nc4 27. Re2
Nxb2 28. g5 c4 29. h6+ Kh8 30. dxc4 Nxc4 31. Ne4 Rd5 32. Ree1 Rcd8 33. f4 Nd2
34. Nf6 Nxf1 35. Nxd5 Rxd5 36. Kxf1 Kg8 37. Re3 Kf8 38. Ke2 Ke7 39. Rc3 Rc5 40.
Ra3 Rxc2+ 41. Kd3 Rc7 42. Ke4 f5+ 43. Kd4 Rd7+ 44. Kc4 e5 0-1

[Event "19. Sahovski festival "]
[Site "Senta"]
[Date "2015.07.18"]
[Round "9.6"]
[White "Kecskemeti, Arpad"]
[Black "Andrijevic, Milan"]
[Result "1/2-1/2"]
[WhiteElo "2152"]
[BlackElo "2268"]
[PlyCount "96"]
[EventDate "2015.07.11"]

1. e4 c5 2. Nf3 e6 3. d4 cxd4 4. Nxd4 a6 5. c4 Nf6 6. Bd3 Nc6 7. Nc2 d6 8. Nc3
Be7 9. O-O Ne5 10. f4 Nxd3 11. Qxd3 O-O 12. h3 Qc7 13. Bd2 b6 14. b3 Bb7 15.
Rae1 Rad8 16. Qe2 d5 17. e5 Ne4 18. Nxe4 dxe4 19. Be3 b5 20. cxb5 axb5 21. Qxb5
Ra8 22. Nb4 Ra5 23. Qc4 Qxc4 24. bxc4 Bxb4 25. Rb1 Ra4 26. a3 Bxa3 27. Rxb7
Rxc4 28. Ra1 Bc5 29. Bxc5 Rxc5 30. Rb4 g5 31. Rxe4 Rd8 32. fxg5 Rd2 33. Rf4 Rd7
34. Re1 Rdd5 35. Rfe4 Kg7 36. h4 Kg6 37. g3 Rd3 38. R4e3 Rxe3 39. Rxe3 Rc7 40.
Kf2 Kf5 41. Kf3 Ra7 42. g4+ Kg6 43. Rb3 Ra5 44. Rb8 Ra3+ 45. Ke2 Ra2+ 46. Kd3
Ra3+ 47. Ke2 Ra2+ 48. Kd3 Ra3+ 1/2-1/2

[Event "19. Sahovski festival "]
[Site "Senta"]
[Date "2015.07.18"]
[Round "9.7"]
[White "Bratkovic, Jakob"]
[Black "Dermisek, Stipa"]
[Result "1-0"]
[WhiteElo "2212"]
[BlackElo "2077"]
[PlyCount "77"]
[EventDate "2015.07.11"]

1. e4 c5 2. Nf3 d6 3. d4 cxd4 4. Nxd4 Nf6 5. Nc3 a6 6. Be3 e5 7. Nb3 Be6 8. f4
Qc7 9. f5 Bc4 10. Bxc4 Qxc4 11. Nd2 Qc6 12. Qf3 Nbd7 13. g4 h6 14. h4 h5 15.
gxh5 Nxh5 16. O-O-O Rc8 17. Kb1 b5 18. Rc1 Nb6 19. Nd5 Nc4 20. Nxc4 bxc4 21.
Bg5 f6 22. Be3 Rb8 23. Ka1 Be7 24. Rhg1 Bd8 25. c3 a5 26. Rg6 Qb5 27. Rc2 Rb7
28. Bh6 Nf4 29. Bxf4 exf4 30. Qxf4 Qc5 31. Rcg2 a4 32. Rxg7 Rxg7 33. Rxg7 a3
34. Qg3 axb2+ 35. Kb1 Rh6 36. Rg8+ Kd7 37. Qg7+ Kc8 38. Qxh6 Qf2 39. Rxd8+ 1-0

[Event "19. Sahovski festival "]
[Site "Senta"]
[Date "2015.07.18"]
[Round "9.8"]
[White "Scepanovic, Labud"]
[Black "Markovic, Aleksandar"]
[Result "0-1"]
[WhiteElo "2172"]
[BlackElo "2133"]
[PlyCount "86"]
[EventDate "2015.07.11"]

1. g3 Nf6 2. Bg2 g6 3. e4 d6 4. Nc3 c5 5. d3 Bg7 6. Nf3 O-O 7. O-O Nc6 8. Rb1
Rb8 9. Re1 b5 10. Bg5 b4 11. Nd5 Nxd5 12. exd5 Ne5 13. Nxe5 Bxe5 14. d4 cxd4
15. f4 Bf6 16. Bxf6 exf6 17. Qxd4 Qb6 18. Qxb6 Rxb6 19. c4 b3 20. axb3 Rxb3 21.
Be4 Re8 22. Kf2 Bg4 23. h3 Bxh3 24. Bc2 Rxe1 25. Kxe1 Rxg3 26. Bd1 Rg1+ 27. Kf2
Rf1+ 28. Kg3 Bf5 29. Rc1 a5 30. b3 h5 31. Kg2 Rxf4 32. Ra1 Be4+ 33. Kg1 Bd3 34.
Kg2 Rd4 35. Kf2 Bf5 36. Ke3 Rd3+ 37. Ke2 Rh3 38. Kd2 Rh2+ 39. Kc1 Rh1 40. Rxa5
Bg4 41. Ra8+ Kg7 42. Rd8 Rxd1+ 43. Kc2 h4 0-1

[Event "19. Sahovski festival "]
[Site "Senta"]
[Date "2015.07.18"]
[Round "9.9"]
[White "Marjanovics, Annamaria"]
[Black "Pajzer, Istvan"]
[Result "1-0"]
[WhiteElo "2277"]
[BlackElo "2026"]
[PlyCount "47"]
[EventDate "2015.07.11"]

1. e4 c5 2. Nf3 d6 3. d4 cxd4 4. Nxd4 Nf6 5. Nc3 a6 6. Bg5 e6 7. f4 b5 8. e5
dxe5 9. fxe5 Qc7 10. exf6 Qe5+ 11. Be2 Qxg5 12. O-O Qe5 13. Kh1 Bb7 14. Bf3 Ra7
15. Nxe6 fxe6 16. fxg7 Bxf3 17. gxh8=Q Bxg2+ 18. Kxg2 Qxh8 19. Qh5+ Kd8 20.
Rad1+ Rd7 21. Qf7 Bd6 22. Qxe6 Kc7 23. Kh1 Nc6 24. Rxd6 1-0

[Event "19. Sahovski festival "]
[Site "Senta"]
[Date "2015.07.18"]
[Round "9.10"]
[White "Stojkovska, Monika"]
[Black "Kumic, Filip"]
[Result "0-1"]
[WhiteElo "2061"]
[BlackElo "2253"]
[PlyCount "56"]
[EventDate "2015.07.11"]

1. e4 c5 2. Nf3 d6 3. d4 cxd4 4. Nxd4 Nf6 5. Nc3 a6 6. Be3 e5 7. Nb3 Be7 8. f3
O-O 9. Qd2 Be6 10. O-O-O a5 11. Bb5 Na6 12. Ba4 Qb8 13. Bb6 Nc7 14. g4 Ra6 15.
Qf2 Rc8 16. Kb1 Na8 17. Bxa5 Rxc3 18. bxc3 b5 19. Bxb5 Qxb5 20. Bb4 Nc7 21. Qd2
Qa4 22. a3 Nb5 23. Qc1 Nd7 24. Qb2 Nb6 25. Nd2 Bg5 26. Bxd6 Nxd6 27. Qb4 Qxb4+
28. axb4 Nb5 0-1

[Event "19. Sahovski festival "]
[Site "Senta"]
[Date "2015.07.18"]
[Round "9.11"]
[White "Puhalo, Zdravko"]
[Black "Nagy, Attila N"]
[Result "0-1"]
[WhiteElo "2033"]
[BlackElo "2207"]
[PlyCount "56"]
[EventDate "2015.07.11"]

1. d4 Nf6 2. f4 g6 3. Nf3 Bg7 4. e3 O-O 5. Bd3 d6 6. O-O c5 7. c3 Nc6 8. Nbd2
e5 9. Bb5 exd4 10. Bxc6 dxc3 11. Ba4 cxd2 12. Bxd2 Ne4 13. Rb1 Bf5 14. Bc2 Re8
15. h3 Rc8 16. Re1 b5 17. g4 Nxd2 18. Qxd2 Bxc2 19. Qxc2 Qa5 20. b3 c4 21. Re2
Qb6 22. Kf2 cxb3 23. Qxb3 Rc3 24. Qd5 Rexe3 25. Rxe3 Qxe3+ 26. Kg3 Bd4 27. Kh4
Bf6+ 28. g5 Qxf4# 0-1

[Event "19. Sahovski festival "]
[Site "Senta"]
[Date "2015.07.18"]
[Round "9.12"]
[White "Kaszas, Viktor"]
[Black "Popov, Stevan"]
[Result "0-1"]
[WhiteElo "2017"]
[BlackElo "2153"]
[PlyCount "108"]
[EventDate "2015.07.11"]

1. e4 e5 2. Nf3 Nc6 3. Bb5 a6 4. Ba4 Nf6 5. O-O Be7 6. Re1 b5 7. Bb3 d6 8. c3
O-O 9. h3 Na5 10. Bc2 c5 11. d4 Qc7 12. Nbd2 Re8 13. Nf1 h6 14. Ng3 Bf8 15. d5
Bd7 16. b3 Nb7 17. Be3 c4 18. b4 a5 19. a3 Ra6 20. Nh4 Rea8 21. Rc1 axb4 22.
axb4 Qd8 23. Nhf5 Kh7 24. Bd2 g6 25. Ne3 h5 26. Rf1 Bh6 27. Ne2 Qe7 28. f3 h4
29. Ng4 Bxd2 30. Qxd2 Ng8 31. f4 f6 32. Nh2 Qg7 33. Nf3 Qh6 34. Qe1 Kg7 35.
Nxh4 Ne7 36. Qg3 Qh5 37. Nf3 Nd8 38. Qf2 Ng8 39. Ng3 Qh6 40. f5 g5 41. Nh2 Be8
42. Ng4 Qh4 43. Kh2 Ra2 44. Qb6 R2a6 45. Qg1 Nf7 46. Ra1 Ngh6 47. Rxa6 Nxg4+
48. Kh1 Rxa6 49. Ne2 Ngh6 50. Kh2 g4 51. Rc1 Ng5 52. Qf1 gxh3 53. gxh3 Ra2 54.
Ng3 Ng4+ 0-1

[Event "19. Sahovski festival "]
[Site "Senta"]
[Date "2015.07.18"]
[Round "9.13"]
[White "Csikos, Mihaly"]
[Black "Grbin, Stefan"]
[Result "1-0"]
[WhiteElo "2064"]
[BlackElo "1779"]
[PlyCount "105"]
[EventDate "2015.07.11"]

1. e4 e6 2. d4 d5 3. Nd2 c5 4. Ngf3 Nc6 5. dxc5 dxe4 6. Nxe4 Qxd1+ 7. Kxd1 Nf6
8. Nxf6+ gxf6 9. Be3 Bd7 10. c3 f5 11. Nd4 e5 12. Nxc6 Bxc6 13. f3 O-O-O+ 14.
Kc2 Rg8 15. Rd1 Rxd1 16. Kxd1 f4 17. Bf2 e4 18. fxe4 Bxe4 19. Rg1 Kc7 20. g3 f3
21. Bc4 Bg6 22. Bd5 Bh5 23. Re1 Bxc5 24. Rf1 Bd6 25. Bd4 f2+ 26. Kd2 Rd8 27.
Be4 Re8 28. Bd3 Bg6 29. Rxf2 a6 30. Bxg6 fxg6 31. Rf7+ Re7 32. Rxe7+ Bxe7 33.
Kd3 Kc6 34. Ke4 Kd6 35. c4 Ke6 36. a3 a5 37. Bc3 a4 38. Bd4 Bd6 39. Kd3 Kf5 40.
c5 Bc7 41. Kc4 Kg4 42. Kb5 Kh3 43. Kxa4 Kxh2 44. Kb5 Kxg3 45. c6 bxc6+ 46. Kxc6
Bb8 47. a4 h5 48. Kb7 Bd6 49. a5 h4 50. a6 h3 51. Bg1 Bc5 52. Bxc5 h2 53. Bd6+
1-0

[Event "19. Sahovski festival "]
[Site "Senta"]
[Date "2015.07.18"]
[Round "9.14"]
[White "Meszaros, Bela"]
[Black "Kovacs, Arthur Dr"]
[Result "1-0"]
[WhiteElo "2206"]
[BlackElo "2006"]
[PlyCount "73"]
[EventDate "2015.07.11"]

1. e4 c6 2. d4 d5 3. exd5 cxd5 4. c4 Nf6 5. Nc3 e6 6. Nf3 Be7 7. c5 O-O 8. Bd3
b6 9. b4 a5 10. Na4 Nbd7 11. c6 Bxb4+ 12. Kf1 Nb8 13. Bg5 Nxc6 14. Qc2 Bd7 15.
Bxh7+ Kh8 16. Bd3 Rc8 17. Qd1 Be7 18. Ne5 Nxe5 19. dxe5 Bxa4 20. exf6 Bxd1 21.
fxe7 Qd7 22. exf8=Q+ Rxf8 23. Rxd1 Qa4 24. Rd2 Rc8 25. g3 Rc1+ 26. Kg2 Rxh1 27.
Kxh1 f6 28. Rc2 Kg8 29. Be3 d4 30. Bd2 b5 31. Kg2 f5 32. Bf4 b4 33. Rc8+ Kf7
34. Bc4 Kf6 35. h4 Qd7 36. Rc7 Qd8 37. Bg5+ 1-0